00985naa a22002537a 4500001001000000003000900010005001700019007000300036008003400039040005400073041000900127072002000136100002100156100002000177111009300197245008900290260004200379500012700421650000900548650001400557650002100571650001500592773012400607BR7806566BR-BrBNA20240918174233.0ta230509b bl.||||| |||| 00| 0 por d aBR-BrBNAbporcBiblioteca Nacional de Agricultura a(Pt) aH20b2120b40501 aLordello, R.R.A.1 aPereira, L.C.E.1 a6. Congresso Brasileiro de Pesquisas CafeeirascRibeirao Preto, SP (Brazil)d24 Oct 19781 aExperimento para recuperacao de cafezal atacado pelo nematoide Meloidogyne Incognita3 aRio de Janeiro, RJ (Brasil): c1978.  aResumos do 6. Congresso Brasileiro de Pesquisas Cafeeiras Rio de Janeiro, RJ (Brasil): 1978. p. 130-131 (BR7806566-AM)H20  aCAFE aNEMATOIDE aCONTROLE QUIMICO aNEMATICIDA0 tResumos do 6. Congresso Brasileiro de Pesquisas CafeeiraswH20 BR7806566gRio de Janeiro, RJ (Brasil), 1978. p. 130-131